000 00787nam a2200193Ii 4500
003 JO-AjNU
008 230605s9999||||xx |||||||||||||| ||und||
040 _aJO-AjNU
_bara
_erda
_cJO-AjNU
041 _aara
050 1 4 _aHD2060.A226.1982
100 3 _aبدر، عبدالمنعم محمد,
_eauthor
_938002
245 0 0 _aريفنا النامي:دراسة مقارنة في علم الاجتماع مع تطبيق على المملكة العربية السعودية وجمهورية مصر العربية
264 3 1 _aالاسكندرية :دار المطبوعات الجديدة،1982
300 _a216ص
336 _atext
_btxt
_2rdacontent
337 _aunmediated
_bn
_2rdamedia
338 _avolume
_bnc
_2rdacarrier
650 4 _aعلم الاجتماع الريفي
_938003
999 _aA15929
_c19497
_d19497